| 000 | 01716cam a22002895i 4500 | ||
|---|---|---|---|
| 999 |
_c29833 _d29833 |
||
| 001 | 21906609 | ||
| 003 | OSt | ||
| 005 | 20210415131641.0 | ||
| 008 | 210216s2020 ii 000 0 eng | ||
| 010 | _a 2020325617 | ||
| 020 | _a9788180387548 | ||
| 025 | _aI-E-2020325617 | ||
| 037 | _bLibrary of Congress -- New Delhi Overseas Office | ||
| 040 |
_aDLC _beng _erda _cDLC |
||
| 042 | _alcode | ||
| 082 | _a340.092 SOR-2 | ||
| 245 | 0 | 0 |
_aNani Palkhivala : _bthe courtroom genius / _cSoli J Sorabjee, Arvind P Datar. |
| 264 | 1 |
_aGurgaon, Haryana, India : _bLexisNexis, _c2020. |
|
| 300 | _axxiii, 461 pages | ||
| 336 |
_atext _btxt _2rdacontent |
||
| 337 |
_aunmediated _bn _2rdamedia |
||
| 338 |
_avolume _bnc _2rdacarrier |
||
| 505 | _aContents: Chapters 1: Secrets of Palkhivala's Success; Chapters 2: Extraordinary Child and Lawyer by Accident ; Chapters 3: Meteoric Rise to Legal Stardom; Chapters 4: Palkhivala as Defendant: The Sampath lyengar Copyright Case; Chapters 5: Constitutional Law Cases: An Amazing Journey; Chapters 6: Income Tax Matters; Chapters 7: Indirect Taxes; Chapters 8: Labour Cases; Chapters 9: Representing India: International Cases; Appendix I: The Copyright Case: Appendix II: The Fundamental Rights Case: Propositions Submitted before the Supreme Court by N.A. Palkhivala; Appendix III: Letters to Mrs. Gandhi in June, 1975 & November, 1975 Appendix IV: Important Written Submissions, Articles and the Bhopal Affidavit; Appendix V: Text of Articles 32 and 136 of the Constitution of India; Appendix VI: Selected Opinions; Subject Index. | ||
| 906 |
_a7 _bpar _corigode _d3 _encip _f20 _gy-gencatlg |
||
| 942 |
_2ddc _cBK |
||